<?xml version="1.0" encoding="UTF-8"?>
<record
    xmlns:xsi="http://www.w3.org/2001/XMLSchema-instance"
    xsi:schemaLocation="http://www.loc.gov/MARC21/slim http://www.loc.gov/standards/marcxml/schema/MARC21slim.xsd"
    xmlns="http://www.loc.gov/MARC21/slim">

  <leader>02389nam a2200409 a 4500</leader>
  <controlfield tag="001">00192</controlfield>
  <controlfield tag="003">DO-SdBNP</controlfield>
  <controlfield tag="005">20200116083637.0</controlfield>
  <controlfield tag="007">00192</controlfield>
  <controlfield tag="008">091118s2001    dr 2001       000 0 spa d</controlfield>
  <datafield tag="020" ind1=" " ind2=" ">
    <subfield code="a">8482613626</subfield>
  </datafield>
  <datafield tag="040" ind1=" " ind2=" ">
    <subfield code="a">BPMSU</subfield>
    <subfield code="b">spa</subfield>
    <subfield code="c">BPMSU</subfield>
  </datafield>
  <datafield tag="092" ind1=" " ind2=" ">
    <subfield code="a">373.83  </subfield>
    <subfield code="b">C957s    1ro.   2001</subfield>
  </datafield>
  <datafield tag="100" ind1=" " ind2=" ">
    <subfield code="a">Cruz, Maria Ramona de la</subfield>
  </datafield>
  <datafield tag="245" ind1="1" ind2="0">
    <subfield code="a">Sociedad 1 :</subfield>
    <subfield code="b">historia y geograf&#xED;a universal ; [educaci&#xF3;n media] /</subfield>
    <subfield code="c">Mar&#xED;a Ramona de la Cruz, Ignacio Aybar ; pr&#xF3;logo Milagros Ort&#xED;z Bosch ; ed. Margarita Casto Catrain</subfield>
  </datafield>
  <datafield tag="260" ind1=" " ind2=" ">
    <subfield code="a">Santo Domingo :</subfield>
    <subfield code="b">Santillana,</subfield>
    <subfield code="c">2001.</subfield>
  </datafield>
  <datafield tag="300" ind1=" " ind2=" ">
    <subfield code="a">279 p. :</subfield>
    <subfield code="b">il., mapas., retrs. ;</subfield>
    <subfield code="c">28 cm.</subfield>
  </datafield>
  <datafield tag="500" ind1=" " ind2=" ">
    <subfield code="a">1ero. media /Primer grado, Primer Ciclo</subfield>
  </datafield>
  <datafield tag="505" ind1="0" ind2=" ">
    <subfield code="t">Unidad 1.</subfield>
    <subfield code="t">Las ciencias sociales --</subfield>
    <subfield code="t">Unidad 2.</subfield>
    <subfield code="t">La historia como ciencia  --</subfield>
    <subfield code="t">Unidad 3.</subfield>
    <subfield code="t">Preehistoria y or&#xED;genes de la humanidad --</subfield>
    <subfield code="t">Unidad 4.</subfield>
    <subfield code="t">Las culturas cl&#xE1;sicas de Oriente --</subfield>
    <subfield code="t">Unidad 5. </subfield>
    <subfield code="t">La civilizaci&#xF3;n griega --</subfield>
    <subfield code="t">Unidad 6.</subfield>
    <subfield code="t">La civilizaci&#xF3;n romana --</subfield>
    <subfield code="t">Unidad 7. </subfield>
    <subfield code="t">El imperio bizantino --</subfield>
    <subfield code="t">Unidad 8.</subfield>
    <subfield code="t">Origen y expansi&#xF3;n del islam --</subfield>
    <subfield code="t">Unidad 9. </subfield>
    <subfield code="t">La sociedad feudal --</subfield>
    <subfield code="t">Unidad 10.</subfield>
    <subfield code="t">La dad moderna --</subfield>
    <subfield code="t">Unidad 11.</subfield>
    <subfield code="t">La edad contemporanea --</subfield>
    <subfield code="t">Unidad 12.</subfield>
    <subfield code="t">El siglo XX --</subfield>
    <subfield code="t">Unidad 13.</subfield>
    <subfield code="t">Introducci&#xF3;n a la geograf&#xED;a --</subfield>
    <subfield code="t">Unidad 14.</subfield>
    <subfield code="t">Localizaci&#xF3;n, l&#xED;mites y superficies --</subfield>
    <subfield code="t">Unidad 15.</subfield>
    <subfield code="t">Geolog&#xED;a y relieve de los continentes --</subfield>
    <subfield code="t">Unidad 16.</subfield>
    <subfield code="t">Hidrograf&#xED;a y climas --</subfield>
    <subfield code="t">Unidad 17.</subfield>
    <subfield code="t">La poblaci&#xF3;n mundial --</subfield>
    <subfield code="t">Unidad 18.</subfield>
    <subfield code="t">El mundo organizado --</subfield>
    <subfield code="t">Unidad 19.</subfield>
    <subfield code="t">Recursos y medios geogr&#xE1;ficos --</subfield>
    <subfield code="t">Unidad 20.</subfield>
    <subfield code="t">El espacio econ&#xF3;mico mundial.</subfield>
  </datafield>
  <datafield tag="650" ind1=" " ind2="4">
    <subfield code="a">CIENCIAS SOCIALES</subfield>
    <subfield code="x">ENSENA&#xD1;ZA SECUNDARIA </subfield>
  </datafield>
  <datafield tag="650" ind1=" " ind2="4">
    <subfield code="a">CIENCIAS SOCIALES</subfield>
    <subfield code="x">EDUCACI&#xD3;N SECUNDARIA </subfield>
  </datafield>
  <datafield tag="650" ind1=" " ind2="4">
    <subfield code="a">CIENCIAS SOCIALES</subfield>
    <subfield code="x">LIBROS DE TEXTOS</subfield>
  </datafield>
  <datafield tag="650" ind1=" " ind2="4">
    <subfield code="a">CIENCIAS SOCIALES</subfield>
    <subfield code="x">ESTUDIOS Y EJERCICIOS</subfield>
  </datafield>
  <datafield tag="650" ind1=" " ind2="4">
    <subfield code="a">EDUCACI&#xD3;N SECUNDARIA </subfield>
    <subfield code="z">REP&#xDA;BLICA DOMINICANA</subfield>
  </datafield>
  <datafield tag="700" ind1="1" ind2="2">
    <subfield code="a">Aybar, Ignacio,</subfield>
  </datafield>
  <datafield tag="700" ind1="1" ind2="2">
    <subfield code="a">Ort&#xED;z Bosch, Milagros,</subfield>
    <subfield code="e">pr&#xF3;l.</subfield>
  </datafield>
  <datafield tag="700" ind1="1" ind2="2">
    <subfield code="a">Garc&#xED;a Escobar, Obdulia,</subfield>
    <subfield code="e">ed.</subfield>
  </datafield>
  <datafield tag="910" ind1=" " ind2=" ">
    <subfield code="a">Validado. Control de calidad MFF</subfield>
  </datafield>
  <datafield tag="930" ind1=" " ind2="1">
    <subfield code="l">BND01</subfield>
    <subfield code="m">LF1</subfield>
    <subfield code="8">20091125</subfield>
    <subfield code="f">01</subfield>
    <subfield code="p">OI</subfield>
    <subfield code="g">8470</subfield>
  </datafield>
  <datafield tag="930" ind1=" " ind2="1">
    <subfield code="l">BND01</subfield>
    <subfield code="m">LF1</subfield>
    <subfield code="8">20091125</subfield>
    <subfield code="f">01</subfield>
    <subfield code="p">CT</subfield>
    <subfield code="g">8469</subfield>
  </datafield>
  <datafield tag="930" ind1=" " ind2="1">
    <subfield code="l">BND01</subfield>
    <subfield code="m">LF1</subfield>
    <subfield code="8">20091125</subfield>
    <subfield code="f">01</subfield>
    <subfield code="p">OI</subfield>
    <subfield code="g">8469</subfield>
  </datafield>
  <datafield tag="942" ind1=" " ind2=" ">
    <subfield code="2">ddc</subfield>
    <subfield code="c">BK</subfield>
  </datafield>
  <datafield tag="945" ind1=" " ind2=" ">
    <subfield code="a">Remanejado para la Bib. BNPHU, 2018/ YL</subfield>
  </datafield>
  <datafield tag="952" ind1=" " ind2=" ">
    <subfield code="0">0</subfield>
    <subfield code="1">0</subfield>
    <subfield code="2">ddc</subfield>
    <subfield code="4">0</subfield>
    <subfield code="7">0</subfield>
    <subfield code="8">CE</subfield>
    <subfield code="a">BPMET</subfield>
    <subfield code="b">BPMET</subfield>
    <subfield code="d">2015-06-29</subfield>
    <subfield code="e">Donaci&#xF3;n</subfield>
    <subfield code="l">0</subfield>
    <subfield code="o">373.83   C957s    1ro.   2001</subfield>
    <subfield code="p">BPMSU15060149</subfield>
    <subfield code="r">2015-06-29</subfield>
    <subfield code="w">2015-06-29</subfield>
    <subfield code="y">BK</subfield>
  </datafield>
  <datafield tag="952" ind1=" " ind2=" ">
    <subfield code="0">0</subfield>
    <subfield code="1">0</subfield>
    <subfield code="2">ddc</subfield>
    <subfield code="4">0</subfield>
    <subfield code="7">0</subfield>
    <subfield code="8">CE</subfield>
    <subfield code="a">BPMET</subfield>
    <subfield code="b">BPMET</subfield>
    <subfield code="d">2015-06-29</subfield>
    <subfield code="e">Donaci&#xF3;n</subfield>
    <subfield code="l">0</subfield>
    <subfield code="o">373.83   C957s    1ro.   2001</subfield>
    <subfield code="p">BPMSU15060150</subfield>
    <subfield code="r">2015-06-29</subfield>
    <subfield code="t">ej. 2</subfield>
    <subfield code="w">2015-06-29</subfield>
    <subfield code="y">BK</subfield>
  </datafield>
  <datafield tag="956" ind1=" " ind2=" ">
    <subfield code="a">YLOCKWARD</subfield>
    <subfield code="b">10</subfield>
    <subfield code="c">20150622</subfield>
    <subfield code="l">BND01</subfield>
    <subfield code="h">1439</subfield>
  </datafield>
  <datafield tag="956" ind1=" " ind2=" ">
    <subfield code="a">VMATEO</subfield>
    <subfield code="b">10</subfield>
    <subfield code="c">20150629</subfield>
    <subfield code="l">BPMSU</subfield>
  </datafield>
  <datafield tag="956" ind1=" " ind2=" ">
    <subfield code="a">BRENDA TAV&#xC1;REZ</subfield>
    <subfield code="b">10</subfield>
    <subfield code="c">20160414</subfield>
    <subfield code="l">BPMSU</subfield>
  </datafield>
  <datafield tag="999" ind1=" " ind2=" ">
    <subfield code="c">7938</subfield>
    <subfield code="d">7938</subfield>
  </datafield>
</record>
